[Event "DFMM-LV"]
[Site "Braunfels"]
[Date "2013.05.30"]
[Round "1.2"]
[White "Benzen, Marthe"]
[Black "Rubina, Tatiana"]
[Result "0-1"]
[WhiteElo "1923"]
[BlackElo "1980"]
[PlyCount "134"]
[EventDate "2013.05.30"]
[EventType "team-swiss"]
[EventCountry "GER"]
[WhiteTeam "Schleswig Holstein"]
[BlackTeam "Baden"]
[WhiteTeamCountry "GER"]
[BlackTeamCountry "GER"]

1. e4 e5 2. Nc3 d6 3. Bc4 Nf6 4. f4 Nbd7 5. Nf3 h6 6. d4 exd4 7. Qxd4 c6 8. e5
dxe5 9. Nxe5 Bc5 10. Bxf7+ Kf8 11. Ng6+ Kxf7 12. Nxh8+ Qxh8 13. Qc4+ Kf8 14.
Bd2 Qg8 15. Qxg8+ Kxg8 16. O-O-O Nf8 17. h3 Be6 18. g4 Nd5 19. Ne4 Bb6 20. Rhe1
Bc7 21. f5 Bf7 22. h4 Nd7 23. g5 hxg5 24. hxg5 Bh5 25. c4 Nf4 26. Bc3 Bxd1 27.
Rxd1 Ne2+ 28. Kc2 Nxc3 29. Nxc3 Ne5 30. b3 Rf8 31. Rf1 Ng4 32. Kd3 Rd8+ 33. Ke2
Re8+ 34. Kd3 Re3+ 35. Kc2 Be5 36. Nd1 Re2+ 37. Kb1 Ne3 38. Nxe3 Rxe3 39. Rd1
Bf4 40. Rd8+ Kf7 41. g6+ Ke7 42. Ra8 a6 43. Ra7 Kf6 44. Rxb7 Re7 45. Rb6 Rc7
46. Rxa6 Kxf5 47. b4 Kxg6 48. b5 Kf5 49. b6 Rb7 50. a4 Be3 51. a5 g5 52. Ra8 g4
53. Rf8+ Ke4 54. Kc2 Rg7 55. Re8+ Kf4 56. Rxe3 Kxe3 57. a6 g3 58. a7 g2 59.
a8=Q g1=Q 60. Qe8+ Kd4 61. Qd8+ Kc5 62. Qf8+ Kxc4 63. Qf4+ Qd4 64. Qf1+ Kc5 65.
Qf8+ Kxb6 66. Qb8+ Rb7 67. Qe8 c5 0-1

[Event "DFMM-LV"]
[Site "Braunfels"]
[Date "2013.05.30"]
[Round "1.3"]
[White "Vollstaedt Klein, Sabine"]
[Black "Leib, Britta"]
[Result "1-0"]
[WhiteElo "1902"]
[BlackElo "1942"]
[PlyCount "71"]
[EventDate "2013.05.30"]
[EventType "team-swiss"]
[EventCountry "GER"]
[WhiteTeam "Baden"]
[BlackTeam "Schleswig Holstein"]
[WhiteTeamCountry "GER"]
[BlackTeamCountry "GER"]

1. e4 e6 2. d4 d5 3. Nc3 dxe4 4. Nxe4 Nd7 5. Nf3 Ngf6 6. Ng3 c5 7. c3 Be7 8.
Bd3 O-O 9. O-O Qc7 10. Qe2 a6 11. c4 Re8 12. b3 cxd4 13. Nxd4 Bc5 14. Bb2 Qf4
15. Nf3 b6 16. Ne5 Bb7 17. Nxd7 Nxd7 18. Bxg7 e5 19. Bf5 Nf8 20. Bxf8 Kxf8 21.
Bxh7 Re6 22. Be4 Bxe4 23. Qxe4 Qxe4 24. Nxe4 Bd4 25. Rad1 Ke7 26. Ng5 Rd6 27.
Ne4 Rh6 28. Rfe1 Rah8 29. Ng3 Kf6 30. h3 Rg6 31. Kf1 Rhg8 32. Rd3 Kg7 33. Nf5+
Kf6 34. Nxd4 exd4 35. g3 Rd8 36. Re4 1-0

[Event "DFMM-LV"]
[Site "Braunfels"]
[Date "2013.05.30"]
[Round "1.4"]
[White "Freter, Anke"]
[Black "Schneider, Birgit"]
[Result "0-1"]
[WhiteElo "1914"]
[BlackElo "2044"]
[PlyCount "38"]
[EventDate "2013.05.30"]
[EventType "team-swiss"]
[EventCountry "GER"]
[WhiteTeam "Schleswig Holstein"]
[BlackTeam "Baden"]
[WhiteTeamCountry "GER"]
[BlackTeamCountry "GER"]

1. e4 c5 2. Nf3 Nc6 3. d4 cxd4 4. Nxd4 g6 5. Nc3 Bg7 6. Be3 Nf6 7. Nxc6 bxc6 8.
e5 Nd5 9. Nxd5 cxd5 10. Qxd5 Rb8 11. O-O-O Bb7 12. Qd4 O-O 13. Qxd7 Qa5 14. Bc4
Bxe5 15. Bb3 Bxg2 16. Rhg1 Bf3 17. Rd2 Rxb3 18. cxb3 Qxa2 19. Qxa7 Rc8+ 0-1

[Event "DFMM-LV"]
[Site "Braunfels"]
[Date "2013.05.30"]
[Round "1.5"]
[White "Wiesner, Paula"]
[Black "Hielscher, Ursula"]
[Result "1-0"]
[WhiteElo "1831"]
[BlackElo "1904"]
[PlyCount "81"]
[EventDate "2013.05.30"]
[EventType "team-swiss"]
[EventCountry "GER"]
[WhiteTeam "Baden"]
[BlackTeam "Schleswig Holstein"]
[WhiteTeamCountry "GER"]
[BlackTeamCountry "GER"]

1. d4 Nf6 2. c4 g6 3. Nc3 d6 4. e4 Bg7 5. Be2 O-O 6. Bg5 Nbd7 7. Qd2 c5 8. d5
Ne5 9. f4 Ned7 10. Nf3 a6 11. e5 dxe5 12. fxe5 Ng4 13. d6 f6 14. dxe7 Qxe7 15.
Nd5 Qf7 16. O-O Ndxe5 17. Nxe5 Nxe5 18. Bxf6 Bxf6 19. Nxf6+ Qxf6 20. Rxf6 Rxf6
21. Qd8+ Rf8 22. Qd5+ Nf7 23. Qxc5 Bf5 24. Rd1 Rae8 25. Bf3 Rc8 26. Qb4 Rc7 27.
b3 Rfc8 28. Re1 Kg7 29. Re7 b5 30. Bd5 Rxe7 31. Qxe7 Rf8 32. c5 h6 33. c6 g5
34. c7 Bc8 35. Be6 Bb7 36. h3 a5 37. Qc5 Bc8 38. Qe7 Bb7 39. Kh2 a4 40. b4 Ba6
41. Qd7 1-0

[Event "DFMM-LV"]
[Site "Braunfels"]
[Date "2013.05.30"]
[Round "1.6"]
[White "Knof, Henrike"]
[Black "Franzenburg, Maria"]
[Result "0-1"]
[WhiteElo "1547"]
[BlackElo "1900"]
[PlyCount "60"]
[EventDate "2013.05.30"]
[EventType "team-swiss"]
[EventCountry "GER"]
[WhiteTeam "Schleswig Holstein"]
[BlackTeam "Baden"]
[WhiteTeamCountry "GER"]
[BlackTeamCountry "GER"]

1. e4 e6 2. d4 d5 3. e5 c5 4. Nf3 Nc6 5. c3 Qb6 6. Be2 cxd4 7. cxd4 f6 8. O-O
fxe5 9. dxe5 Nge7 10. Re1 g6 11. Nc3 a6 12. Qa4 Qb4 13. Qd1 Bg7 14. a3 Qb6 15.
Bf4 O-O 16. Qd2 Nf5 17. Bd1 Nfd4 18. b4 Nxf3+ 19. Bxf3 Qd4 20. Be3 Qxd2 21.
Bxd2 Nxe5 22. Be2 Bd7 23. Rac1 Rac8 24. b5 d4 25. Ne4 d3 26. Bf1 Bxb5 27. Nc5
Nc4 28. Ne4 Nxd2 29. Nxd2 Rxc1 30. Rxc1 Bh6 0-1

[Event "DFMM-LV"]
[Site "Braunfels"]
[Date "2013.05.30"]
[Round "1.7"]
[White "Weis, Olga"]
[Black "Krupp, Katja"]
[Result "1-0"]
[WhiteElo "1676"]
[BlackElo "1632"]
[PlyCount "63"]
[EventDate "2013.05.30"]
[EventType "team-swiss"]
[EventCountry "GER"]
[WhiteTeam "Baden"]
[BlackTeam "Schleswig Holstein"]
[WhiteTeamCountry "GER"]
[BlackTeamCountry "GER"]

1. e4 e5 2. Nf3 Nc6 3. Bb5 Nf6 4. O-O Bc5 5. c3 Bb6 6. d3 d6 7. h3 O-O 8. Nbd2
a6 9. Ba4 Nh5 10. Bxc6 bxc6 11. Nxe5 Nf4 12. Nxc6 Qg5 13. Qf3 Bxh3 14. Nc4
Qxg2+ 15. Qxg2 Nxg2 16. Kh2 Bd7 17. Ne7+ Kh8 18. Kxg2 Rae8 19. Nd5 f6 20. Ncxb6
cxb6 21. Nxb6 Bc6 22. Bf4 Rd8 23. f3 g5 24. Bg3 Kg7 25. d4 h5 26. a4 f5 27. d5
Be8 28. exf5 Rxf5 29. Rad1 Rb8 30. a5 Bf7 31. Bxd6 Kg6 32. Bxb8 1-0

[Event "DFMM-LV"]
[Site "Braunfels"]
[Date "2013.05.30"]
[Round "1.8"]
[White "Suhr, Michaela"]
[Black "Wodzinski, Kristin"]
[Result "0-1"]
[WhiteElo "1055"]
[BlackElo "1643"]
[PlyCount "88"]
[EventDate "2013.05.30"]
[EventType "team-swiss"]
[EventCountry "GER"]
[WhiteTeam "Schleswig Holstein"]
[BlackTeam "Baden"]
[WhiteTeamCountry "GER"]
[BlackTeamCountry "GER"]

1. e4 c5 2. c4 e6 3. Nc3 d6 4. Nf3 Nf6 5. d3 Be7 6. Be2 O-O 7. O-O b6 8. Bg5
Bb7 9. Bxf6 Bxf6 10. Rb1 a6 11. Qd2 Qc7 12. Qf4 Rd8 13. Rfd1 Nd7 14. Qg3 Nf8
15. Rd2 Ng6 16. d4 cxd4 17. Nxd4 Be5 18. Qg4 Bf6 19. f4 Qc5 20. Rbd1 e5 21. Nd5
Bxd5 22. exd5 exd4 23. Bd3 Re8 24. Re2 Rxe2 25. Qxe2 Nxf4 26. Qe4 Nxd3 27. Qxd3
Re8 28. Kf1 Re3 29. Qc2 b5 30. b3 bxc4 31. Qxc4 Qxc4+ 32. bxc4 Rc3 33. Re1 Kf8
34. Ke2 Rxc4 35. Kd3 Rc5 36. Ke4 Rc2 37. Kf3 Rxa2 38. Rd1 a5 39. Rb1 Be5 40.
Rb8+ Ke7 41. Rb7+ Kf6 42. h4 a4 43. g4 Ra3+ 44. Ke4 Re3# 0-1

[Event "DFMM-LV"]
[Site "Braunfels"]
[Date "2013.05.30"]
[Round "1.1"]
[White "Jussupow, Nadia"]
[Black "Juergens, Vera"]
[Result "1-0"]
[WhiteElo "2173"]
[BlackElo "2282"]
[PlyCount "79"]
[EventDate "2013.05.30"]
[EventType "team-swiss"]
[EventCountry "GER"]
[WhiteTeam "Bayern"]
[BlackTeam "Hamburg"]
[WhiteTeamCountry "GER"]
[BlackTeamCountry "GER"]

1. e4 d6 2. d4 c6 3. f4 g6 4. Nf3 Bg7 5. Bc4 Nh6 6. h3 d5 7. exd5 cxd5 8. Bd3
Nc6 9. c3 Bf5 10. O-O O-O 11. Ne5 f6 12. Ng4 Bxg4 13. hxg4 f5 14. gxf5 gxf5 15.
Nd2 Qb6 16. Nf3 Ng4 17. Qb3 Qd8 18. Re1 Rb8 19. Bd2 b5 20. Re6 Rb6 21. Rae1 b4
22. Qa4 Qc8 23. R6e2 bxc3 24. bxc3 Rf6 25. Bb5 e6 26. Ng5 a6 27. Bxc6 Rxc6 28.
Qb3 Kh8 29. Rb1 h6 30. Nf3 Rf8 31. Be1 Kh7 32. Qb7 Qe8 33. Rb6 Rxb6 34. Qxb6
Rf6 35. Qxa6 Qb8 36. Ne5 Qb1 37. Qd3 Qc1 38. Nxg4 Rg6 39. Ne5 Bxe5 40. fxe5 1-0

[Event "DFMM-LV"]
[Site "Braunfels"]
[Date "2013.05.30"]
[Round "1.2"]
[White "Ghader Pour, Shayesteh"]
[Black "Stangl, Anita"]
[Result "0-1"]
[WhiteElo "2242"]
[BlackElo "2126"]
[PlyCount "74"]
[EventDate "2013.05.30"]
[EventType "team-swiss"]
[EventCountry "GER"]
[WhiteTeam "Hamburg"]
[BlackTeam "Bayern"]
[WhiteTeamCountry "GER"]
[BlackTeamCountry "GER"]

1. e4 e6 2. d4 d5 3. Nd2 Nf6 4. e5 Nfd7 5. c3 c5 6. Bd3 Nc6 7. Ne2 Qb6 8. Nf3
cxd4 9. cxd4 f6 10. exf6 Nxf6 11. O-O Bd6 12. a3 O-O 13. b4 e5 14. dxe5 Nxe5
15. Nxe5 Bxe5 16. Be3 Qc7 17. Rc1 Bxh2+ 18. Kh1 Qe5 19. Rxc8 Raxc8 20. g3 Ng4
21. Bf4 Qh5 22. Kg2 g5 23. Bxh7+ Kxh7 24. Qxd5 Nf6 25. Qxb7+ Kg8 26. Bd6 Qxe2
27. Bxf8 Rxf8 28. Qf3 Qxf3+ 29. Kxf3 Nh5+ 30. Kg4 Nxg3 31. Rc1 Ne4 32. f3 Nf2+
33. Kh5 Rxf3 34. Kg6 g4 35. Re1 g3 36. Re8+ Rf8 37. Re7 Rb8 0-1

[Event "DFMM-LV"]
[Site "Braunfels"]
[Date "2013.05.30"]
[Round "1.3"]
[White "Ankerst, Milka"]
[Black "Schmidt, Jade"]
[Result "0-1"]
[WhiteElo "2084"]
[BlackElo "2089"]
[PlyCount "102"]
[EventDate "2013.05.30"]
[EventType "team-swiss"]
[EventCountry "GER"]
[WhiteTeam "Bayern"]
[BlackTeam "Hamburg"]
[WhiteTeamCountry "GER"]
[BlackTeamCountry "GER"]

1. e4 c5 2. Nf3 d6 3. Nc3 Nf6 4. d4 cxd4 5. Qxd4 Nc6 6. Bb5 Bd7 7. Bxc6 Bxc6 8.
Bg5 e6 9. Rd1 Be7 10. O-O Qb6 11. Qxb6 axb6 12. Rfe1 h6 13. Bf4 e5 14. Bc1 O-O
15. a3 b5 16. Nd2 Bd8 17. Nb3 Bc7 18. f3 Rfd8 19. Nd5 Bxd5 20. exd5 Bb6+ 21.
Be3 Bxe3+ 22. Rxe3 Rdc8 23. c3 Ra4 24. g3 g5 25. Na1 Nh5 26. Nc2 f5 27. Kg2 Kg7
28. Re2 Kg6 29. Ne3 Nf6 30. Nc2 h5 31. Nb4 Raa8 32. Rc1 Rc5 33. Rd1 Re8 34. h3
g4 35. hxg4 hxg4 36. Ree1 gxf3+ 37. Kxf3 Rh8 38. Kg2 Ng4 39. Nd3 Rc7 40. Rh1
Rch7 41. Rxh7 Rxh7 42. Rb1 Rh2+ 43. Kg1 Rd2 44. Nb4 Ne3 45. b3 Rg2+ 46. Kh1
Rxg3 47. a4 bxa4 48. bxa4 Nc4 49. Rg1 Rxg1+ 50. Kxg1 Kg5 51. Kf2 Kf4 0-1

[Event "DFMM-LV"]
[Site "Braunfels"]
[Date "2013.05.30"]
[Round "1.4"]
[White "Winnicki, Alice"]
[Black "Vidonyak, Nellya"]
[Result "0-1"]
[WhiteElo "2062"]
[BlackElo "2124"]
[PlyCount "54"]
[EventDate "2013.05.30"]
[EventType "team-swiss"]
[EventCountry "GER"]
[WhiteTeam "Hamburg"]
[BlackTeam "Bayern"]
[WhiteTeamCountry "GER"]
[BlackTeamCountry "GER"]

1. e4 a6 2. d4 b5 3. Bd3 Bb7 4. f4 Nf6 5. Qe2 c5 6. c3 cxd4 7. cxd4 Nc6 8. Nf3
Nb4 9. Nbd2 Nxd3+ 10. Qxd3 d5 11. e5 Ne4 12. f5 e6 13. fxe6 fxe6 14. O-O Be7
15. Ne1 Qb6 16. Nb3 a5 17. Bd2 b4 18. Qf3 Nxd2 19. Qf7+ Kd8 20. Nxd2 Qxd4+ 21.
Qf2 Qxf2+ 22. Kxf2 Ba6 23. Rh1 Bc5+ 24. Kg3 Bd4 25. Nef3 Bxb2 26. Rab1 Bc3 27.
Nb3 Bc4 0-1

[Event "DFMM-LV"]
[Site "Braunfels"]
[Date "2013.05.30"]
[Round "1.5"]
[White "Dirmeier, Carolin"]
[Black "Brandt, Carina"]
[Result "1-0"]
[WhiteElo "2030"]
[BlackElo "1834"]
[PlyCount "37"]
[EventDate "2013.05.30"]
[EventType "team-swiss"]
[EventCountry "GER"]
[WhiteTeam "Bayern"]
[BlackTeam "Hamburg"]
[WhiteTeamCountry "GER"]
[BlackTeamCountry "GER"]

1. e4 e6 2. d4 d5 3. exd5 exd5 4. Nf3 Nc6 5. Bb5 Bd6 6. c4 Bb4+ 7. Nc3 Nge7 8.
O-O O-O 9. cxd5 Nxd5 10. Qb3 Nxc3 11. bxc3 Bd6 12. Bg5 Ne7 13. Rfe1 Be6 14.
Rxe6 fxe6 15. Qxe6+ Rf7 16. Bc4 Qf8 17. Ne5 Bxe5 18. Bxe7 Qe8 19. dxe5 1-0

[Event "DFMM-LV"]
[Site "Braunfels"]
[Date "2013.05.30"]
[Round "1.6"]
[White "Reinkens, Natalia"]
[Black "Woniak, Katarzyna"]
[Result "1/2-1/2"]
[WhiteElo "1767"]
[BlackElo "1962"]
[PlyCount "130"]
[EventDate "2013.05.30"]
[EventType "team-swiss"]
[EventCountry "GER"]
[WhiteTeam "Hamburg"]
[BlackTeam "Bayern"]
[WhiteTeamCountry "GER"]
[BlackTeamCountry "GER"]

1. e4 g6 2. Nf3 Bg7 3. d4 d6 4. Be3 Nf6 5. Nbd2 Bg4 6. Bc4 O-O 7. O-O Nbd7 8.
Rc1 c6 9. Bd3 e5 10. h3 Bxf3 11. Nxf3 exd4 12. Bxd4 Qc7 13. c4 Rad8 14. Re1 Ne5
15. b4 Rfe8 16. Nh2 Nh5 17. Bb1 Nf4 18. Qd2 Ne6 19. Be3 c5 20. b5 a6 21. a4
axb5 22. axb5 Ra8 23. f4 Nd7 24. Nf3 Ra4 25. Qd3 Nb6 26. f5 Nf8 27. fxg6 hxg6
28. Red1 Ne6 29. Rd2 Rea8 30. Rcc2 Ra3 31. Qe2 Ra1 32. Qd1 R8a4 33. Ra2 R4xa2
34. Rxa2 Nxc4 35. Rxa1 Bxa1 36. Ba2 Nxe3 37. Qxa1 Nc2 38. Qf6 Qd8 39. Qc3 Ncd4
40. Qd3 Nxf3+ 41. Qxf3 Qe7 42. Bd5 Nd4 43. Qg4 Kg7 44. Qc8 Nxb5 45. Bxb7 Qc7
46. Qxc7 Nxc7 47. Kf2 Kf6 48. Ke3 Ke5 49. Bc6 f5 50. exf5 gxf5 51. h4 Ne6 52.
h5 Kf6 53. Bd7 Nf8 54. Be8 Ke5 55. Bf7 d5 56. h6 c4 57. Bg8 Ng6 58. h7 d4+ 59.
Kd2 c3+ 60. Kd3 Kf6 61. Bb3 Ke5 62. Bf7 Nh8 63. Bb3 f4 64. Bd1 Kd5 65. Bb3+ Ke5
1/2-1/2

[Event "DFMM-LV"]
[Site "Braunfels"]
[Date "2013.05.30"]
[Round "1.7"]
[White "Spiel, Marianne"]
[Black "Naipal, Victoria"]
[Result "0-1"]
[WhiteElo "1931"]
[BlackElo "1816"]
[PlyCount "78"]
[EventDate "2013.05.30"]
[EventType "team-swiss"]
[EventCountry "GER"]
[WhiteTeam "Bayern"]
[BlackTeam "Hamburg"]
[WhiteTeamCountry "GER"]
[BlackTeamCountry "GER"]

1. e4 c5 2. Nf3 d6 3. d4 cxd4 4. Nxd4 a6 5. Nc3 Nf6 6. g3 e6 7. Bg2 Be7 8. Be3
O-O 9. O-O Nbd7 10. f4 Qc7 11. Nb3 Rb8 12. a4 Nb6 13. a5 Nc4 14. Bc1 b5 15.
axb6 Qxb6+ 16. Kh1 Bb7 17. Qe2 Qc7 18. Nd2 Rfc8 19. Nxc4 Qxc4 20. Qxc4 Rxc4 21.
Re1 Nd7 22. Re2 Nc5 23. Kg1 g6 24. Kf2 Bf6 25. e5 dxe5 26. Bxb7 Rxb7 27. fxe5
Bg7 28. Nd1 Rc7 29. Bf4 Ne4+ 30. Ke3 g5 31. b3 gxf4+ 32. Kxf4 Nc3+ 33. bxc4
Nxe2+ 34. Ke3 Ng1 35. Nf2 Bh6+ 36. Kd3 Nf3 37. Rxa6 Nxe5+ 38. Kd4 Nxc4 39. Ng4
Bg7+ 0-1

[Event "DFMM-LV"]
[Site "Braunfels"]
[Date "2013.05.30"]
[Round "1.8"]
[White "Neumann, Ramona"]
[Black "Niedermaier, Barbara"]
[Result "0-1"]
[WhiteElo "1717"]
[BlackElo "1960"]
[PlyCount "74"]
[EventDate "2013.05.30"]
[EventType "team-swiss"]
[EventCountry "GER"]
[WhiteTeam "Hamburg"]
[BlackTeam "Bayern"]
[WhiteTeamCountry "GER"]
[BlackTeamCountry "GER"]

1. e4 c5 2. Nf3 Nc6 3. d4 cxd4 4. Nxd4 g6 5. Nc3 Bg7 6. Be3 Nf6 7. Qd2 Ng4 8.
Nxc6 bxc6 9. Bd4 Nf6 10. f3 O-O 11. Bc4 e6 12. O-O d5 13. exd5 cxd5 14. Bb3 Ba6
15. Rfe1 Qd7 16. Na4 Qc6 17. Nc5 Bb5 18. c3 e5 19. Bf2 d4 20. cxd4 Rad8 21.
Rac1 Qa8 22. Rxe5 Ng4 23. Re4 Bh6 24. f4 Bc6 25. d5 Bxd5 26. Bxd5 Rxd5 27. Qe2
Nxf2 28. Kxf2 Rfd8 29. Rc2 Bg7 30. Nb3 Qb8 31. Qf3 Qb5 32. Rce2 Rd1 33. Re7
Bxb2 34. Qb7 Qc4 35. Qe4 Bd4+ 36. Kg3 Rd3+ 37. Kg4 f5+ 0-1

[Event "DFMM-LV"]
[Site "Braunfels"]
[Date "2013.05.30"]
[Round "1.1"]
[White "Barpiyeva, Gulsana"]
[Black "Zschischang, Marine"]
[Result "1/2-1/2"]
[WhiteElo "2100"]
[BlackElo "2099"]
[PlyCount "79"]
[EventDate "2013.05.30"]
[EventType "team-swiss"]
[EventCountry "GER"]
[WhiteTeam "Hessen"]
[BlackTeam "Niedersachsen"]
[WhiteTeamCountry "GER"]
[BlackTeamCountry "GER"]

1. c4 e6 2. Nc3 d5 3. d4 c6 4. e3 f5 5. Nf3 Nf6 6. Bd3 Bd6 7. Qc2 Ne4 8. O-O
Nd7 9. Rb1 a5 10. a3 Qe7 11. c5 Bb8 12. b4 axb4 13. axb4 O-O 14. Bb2 e5 15. Ne2
Nxf2 16. Bxf5 e4 17. Rxf2 Rxf5 18. Rbf1 Nf6 19. Ne5 Rxf2 20. Rxf2 Bxe5 21. dxe5
Ng4 22. Rf4 g5 23. Rxg4 Bxg4 24. e6 h6 25. Qc3 Kh7 26. Nd4 Rg8 27. b5 cxb5 28.
Nxb5 Qxe6 29. Nc7 Qf7 30. Qe5 Rf8 31. h4 Qf2+ 32. Kh2 Qxh4+ 33. Kg1 Qf2+ 34.
Kh2 Kg6 35. Nxd5 Bh3 36. Qxe4+ Bf5 37. Qe5 Qh4+ 38. Kg1 Qe1+ 39. Kh2 Qh4+ 40.
Kg1 1/2-1/2

[Event "DFMM-LV"]
[Site "Braunfels"]
[Date "2013.05.30"]
[Round "1.2"]
[White "Diederichs, Luise"]
[Black "Schlein, Julia"]
[Result "1-0"]
[WhiteElo "1906"]
[BlackElo "2095"]
[PlyCount "93"]
[EventDate "2013.05.30"]
[EventType "team-swiss"]
[EventCountry "GER"]
[WhiteTeam "Niedersachsen"]
[BlackTeam "Hessen"]
[WhiteTeamCountry "GER"]
[BlackTeamCountry "GER"]

1. g3 g6 2. Bg2 Bg7 3. c4 e5 4. Nc3 Nc6 5. d3 d6 6. e3 f5 7. Nge2 Nf6 8. O-O
O-O 9. a3 Be6 10. Qc2 Qd7 11. Nd5 Rae8 12. Rb1 Nd8 13. e4 Nh5 14. f4 c6 15.
Ndc3 Nf7 16. Be3 b6 17. Rbd1 fxe4 18. Nxe4 d5 19. Nf2 Nd6 20. fxe5 Bxe5 21. Bh6
Ng7 22. cxd5 Bxd5 23. Bxd5+ cxd5 24. d4 Bf6 25. Bf4 Ngf5 26. Ng4 Bg7 27. Ne5
Qe6 28. Qd2 Ne4 29. Qd3 Rc8 30. Nc3 Nfd6 31. Nxe4 Nxe4 32. Nf3 Qg4 33. Ne5 Qh3
34. Rf3 g5 35. g4 Qh6 36. Bg3 Qe6 37. h3 Rxf3 38. Qxf3 Rc2 39. b4 Qf6 40. Qb3
Rc3 41. Qxd5+ Kh8 42. Nf7+ Kg8 43. Nh6+ Kf8 44. Qg8+ Ke7 45. Nf5+ Kd7 46. Qd5+
Kc8 47. Qxe4 1-0

[Event "DFMM-LV"]
[Site "Braunfels"]
[Date "2013.05.30"]
[Round "1.3"]
[White "Bluhm, Sonja Maria"]
[Black "Sieber, Fiona"]
[Result "1-0"]
[WhiteElo "2030"]
[BlackElo "1836"]
[PlyCount "111"]
[EventDate "2013.05.30"]
[EventType "team-swiss"]
[EventCountry "GER"]
[WhiteTeam "Hessen"]
[BlackTeam "Niedersachsen"]
[WhiteTeamCountry "GER"]
[BlackTeamCountry "GER"]

1. e4 c5 2. d3 g6 3. g3 Bg7 4. Bg2 Nc6 5. f4 d6 6. Nf3 Nh6 7. O-O O-O 8. c3 f5
9. Kh1 Ng4 10. Qe2 Qc7 11. Na3 a6 12. Bd2 Bd7 13. Rae1 Rae8 14. h3 fxe4 15.
dxe4 Nf6 16. e5 Nh5 17. Kh2 dxe5 18. fxe5 Bh8 19. Qc4+ e6 20. Qxc5 b6 21. Qc4
Rc8 22. Bh6 Rxf3 23. Rxf3 Bxe5 24. Bf4 Nd4 25. cxd4 Bxf4 26. Qxc7 Bxc7 27. Rc3
b5 28. Bb7 b4 29. Rg1 bxc3 30. Bxc8 Bxc8 31. bxc3 Bb7 32. Nc2 Nf6 33. Ne3 Ne4
34. h4 e5 35. d5 Bb6 36. Rb1 Bxe3 37. Rxb7 Bf2 38. Kg2 Bc5 39. c4 a5 40. Rc7
Bb4 41. Kf3 Nc3 42. Ke3 Na4 43. Ke4 Bd6 44. Rc6 Nc5+ 45. Kf3 e4+ 46. Ke3 Nb7
47. Kxe4 Bxg3 48. c5 Bxh4 49. Rc7 Nd8 50. c6 Kf8 51. Rxh7 Bg3 52. c7 Bxc7 53.
Rxc7 Nf7 54. Ra7 g5 55. Kf5 Ke8 56. Rxa5 1-0

[Event "DFMM-LV"]
[Site "Braunfels"]
[Date "2013.05.30"]
[Round "1.4"]
[White "Schulze, Dorothee"]
[Black "Krilova, Marina"]
[Result "1/2-1/2"]
[WhiteElo "1992"]
[BlackElo "2236"]
[PlyCount "105"]
[EventDate "2013.05.30"]
[EventType "team-swiss"]
[EventCountry "GER"]
[WhiteTeam "Niedersachsen"]
[BlackTeam "Hessen"]
[WhiteTeamCountry "GER"]
[BlackTeamCountry "GER"]

1. e4 c5 2. Nf3 Nc6 3. d4 cxd4 4. Nxd4 Nf6 5. Nc3 e6 6. Nxc6 bxc6 7. Bd3 Bb4 8.
Bd2 d5 9. e5 Nd7 10. Qg4 Bf8 11. f4 Qb6 12. Nd1 Nc5 13. Be2 h5 14. Qf3 Ne4 15.
Be3 Bc5 16. Bxc5 Qxc5 17. Bd3 Qa5+ 18. c3 Nc5 19. Bc2 Qb6 20. Qg3 Kf8 21. Qe3
Ba6 22. b4 Nd7 23. Qxb6 Nxb6 24. Nb2 Rc8 25. Bd3 Bxd3 26. Nxd3 Na4 27. Kd2 Ke7
28. Rhd1 a6 29. Kc2 Nb6 30. Nc5 Nc4 31. Rd3 a5 32. Rg3 g6 33. Nb3 Ra8 34. a4
Rhb8 35. Nd4 Kd7 36. b5 cxb5 37. axb5 a4 38. Rd3 Rb7 39. h3 h4 40. Rf3 Kc7 41.
Ra2 Kb6 42. Kd3 Kc5 43. Rf1 a3 44. Rfa1 Ra4 45. Kc2 Ra8 46. Kd3 Rb6 47. Kc2 Rg8
48. Kb3 Rgb8 49. Rf1 Rxb5+ 50. Nxb5 Rxb5+ 51. Ka4 Ra5+ 52. Kb3 Rb5+ 53. Ka4
1/2-1/2

[Event "DFMM-LV"]
[Site "Braunfels"]
[Date "2013.05.30"]
[Round "1.5"]
[White "Heymann Lobzhanidze, Anna Luise"]
[Black "Markgraf, Claudia"]
[Result "1-0"]
[WhiteElo "1988"]
[BlackElo "1985"]
[PlyCount "81"]
[EventDate "2013.05.30"]
[EventType "team-swiss"]
[EventCountry "GER"]
[WhiteTeam "Hessen"]
[BlackTeam "Niedersachsen"]
[WhiteTeamCountry "GER"]
[BlackTeamCountry "GER"]

1. e4 Nf6 2. e5 Nd5 3. d4 d6 4. c4 Nb6 5. exd6 exd6 6. Nc3 Be7 7. Bd3 Nc6 8.
Be3 Bf6 9. Be2 O-O 10. Rc1 Re8 11. b3 Bg5 12. d5 Bxe3 13. fxe3 Ne5 14. Qd4 Qg5
15. Kf2 Bg4 16. Nf3 Bxf3 17. gxf3 c5 18. Qf4 Qxf4 19. exf4 Ng6 20. f5 Nf4 21.
Ne4 Re5 22. Bf1 Rd8 23. f6 Nc8 24. Rg1 Ng6 25. Bh3 Nb6 26. Rce1 a5 27. Rg3 a4
28. fxg7 axb3 29. axb3 Ra8 30. f4 Ra2+ 31. Kg1 Rxe4 32. Rxe4 Ra1+ 33. Kf2 Ra2+
34. Ke3 Ra8 35. f5 Ne5 36. Rxe5 dxe5 37. f6 Ra2 38. Ke4 h5 39. Re3 Ra8 40. Kxe5
Rd8 41. Kf4 1-0

[Event "DFMM-LV"]
[Site "Braunfels"]
[Date "2013.05.30"]
[Round "1.6"]
[White "Kickert, Germaine Helene"]
[Black "Pralle, Katharina"]
[Result "0-1"]
[WhiteElo "1947"]
[BlackElo "1993"]
[PlyCount "84"]
[EventDate "2013.05.30"]
[EventType "team-swiss"]
[EventCountry "GER"]
[WhiteTeam "Niedersachsen"]
[BlackTeam "Hessen"]
[WhiteTeamCountry "GER"]
[BlackTeamCountry "GER"]

1. e4 d5 2. exd5 Qxd5 3. Nc3 Qa5 4. Bc4 Nf6 5. d3 c6 6. Bd2 Qc7 7. Qe2 Bf5 8.
Nf3 e6 9. Nd4 Be7 10. Nxf5 exf5 11. h3 O-O 12. g4 fxg4 13. hxg4 Re8 14. O-O-O
b5 15. g5 Bd8 16. Qf3 bxc4 17. gxf6 Bxf6 18. Rdg1 Nd7 19. Ne4 Re6 20. Qf5 g6
21. Qh3 Nf8 22. Nxf6+ Rxf6 23. Qh4 Rf5 24. Bh6 cxd3 25. Bxf8 d2+ 26. Kxd2 Qd8+
27. Kc1 Qxh4 28. Rxh4 Rxf8 29. Rh6 Rxf2 30. Rgh1 Re8 31. Rxh7 Ree2 32. Rh8+ Kg7
33. Ra8 Rxc2+ 34. Kd1 Rxb2 35. Kc1 Rxa2 36. Kb1 c5 37. Rc8 Rab2+ 38. Ka1 Rfc2
39. Rc7 Ra2+ 40. Kb1 a5 41. Rf1 Rcb2+ 42. Kc1 Rf2 0-1

[Event "DFMM-LV"]
[Site "Braunfels"]
[Date "2013.05.30"]
[Round "1.7"]
[White "Zahn, Nicol"]
[Black "Aden, Dagmar"]
[Result "0-1"]
[WhiteElo "1933"]
[BlackElo "1881"]
[PlyCount "66"]
[EventDate "2013.05.30"]
[EventType "team-swiss"]
[EventCountry "GER"]
[WhiteTeam "Hessen"]
[BlackTeam "Niedersachsen"]
[WhiteTeamCountry "GER"]
[BlackTeamCountry "GER"]

1. e4 c5 2. Nf3 d6 3. Bb5+ Bd7 4. Bxd7+ Qxd7 5. O-O Nc6 6. c3 Nf6 7. Re1 g6 8.
d4 cxd4 9. cxd4 Bg7 10. Nc3 O-O 11. h3 Rac8 12. Be3 Na5 13. Nd2 Nc4 14. Nxc4
Rxc4 15. e5 Ne8 16. Qd3 d5 17. Rac1 e6 18. b3 Rc6 19. Na4 Rxc1 20. Rxc1 b6 21.
Qa6 f6 22. f4 fxe5 23. fxe5 Qf7 24. Nc3 g5 25. Nb5 g4 26. Nxa7 gxh3 27. gxh3
Qf3 28. Qd3 Qg3+ 29. Kh1 Qxh3+ 30. Kg1 Qg3+ 31. Kh1 Rf2 32. Bxf2 Qxd3 33. Rg1
Qh3# 0-1

[Event "DFMM-LV"]
[Site "Braunfels"]
[Date "2013.05.30"]
[Round "1.8"]
[White "Braje, Monika"]
[Black "Storkebaum, Ulrike"]
[Result "1-0"]
[WhiteElo "1814"]
[BlackElo "1847"]
[PlyCount "55"]
[EventDate "2013.05.30"]
[EventType "team-swiss"]
[EventCountry "GER"]
[WhiteTeam "Niedersachsen"]
[BlackTeam "Hessen"]
[WhiteTeamCountry "GER"]
[BlackTeamCountry "GER"]

1. e4 e5 2. Nf3 Nc6 3. d4 exd4 4. Nxd4 Bc5 5. Be3 Qf6 6. c3 d6 7. Bc4 Nge7 8.
O-O O-O 9. Kh1 Ne5 10. Be2 a6 11. Nd2 Bd7 12. f4 N5c6 13. Nc4 Rad8 14. e5 Qg6
15. f5 Nxf5 16. Rxf5 Bxd4 17. Rg5 Qe6 18. cxd4 d5 19. Nd2 Qe7 20. Rg3 Kh8 21.
Bd3 Nb4 22. Bb1 Qe8 23. a3 Nc6 24. Qc2 g6 25. Qd1 Ne7 26. Bg5 Rc8 27. Bf6+ Kg8
28. Qh5 1-0